[Event "WJun"]
[Site "Puerto Madryn ARG"]
[Date "2009.10.22"]
[Round "1"]
[White "Kokol,P"]
[Black "Li Chao2"]
[Result "0-1"]
[WhiteElo "2322"]
[BlackElo "2617"]
[EventDate "2009.10.22"]

1. e4 c5 2. Nf3 d6 3. d4 cxd4 4. Nxd4 Nf6 5. Nc3 a6 6. Be3 e5 7. Nde2 Be6
8. f4 Nc6 9. f5 Bc4 10. Ng3 d5 11. exd5 Na5 12. Bxc4 Nxc4 13. Qe2 Rc8 14.
Bg5 Qb6 15. Bxf6 gxf6 16. Nce4 Nxb2 17. d6 Bxd6 18. Nxf6+ Kd8 19. Nge4 Bb4+
20. Kf1 Qd4 21. Rb1 Rc6 22. c3 Bxc3 23. Nxc3 Qxc3 24. Rxb2 Qc1+ 25. Kf2
Qf4+ 26. Qf3 Qd4+ 27. Kg3 Rxf6 28. Qg4 Qe3+ 0-1

[Event "WJun"]
[Site "Puerto Madryn ARG"]
[Date "2009.10.22"]
[Round "1"]
[White "Vishnu,P"]
[Black "Howell,D"]
[Result "0-1"]
[WhiteElo "2342"]
[BlackElo "2624"]
[EventDate "2009.10.22"]

1. e4 e5 2. Nf3 Nc6 3. Bb5 a6 4. Ba4 Nf6 5. O-O Be7 6. Re1 b5 7. Bb3 d6 8.
c3 O-O 9. h3 Na5 10. Bc2 c5 11. d4 Nd7 12. d5 Nb6 13. Nbd2 f5 14. exf5 Bxf5
15. Bxf5 Rxf5 16. Ne4 Qd7 17. Nfg5 Bxg5 18. Bxg5 Nb7 19. Qg4 Raf8 20. Rad1
Qf7 21. Re2 Nxd5 22. Red2 h5 23. Qh4 Nf4 24. Ng3 Nxg2 25. Kxg2 Rxf2+ 26.
Kg1 Qf3 0-1

[Event "WJun"]
[Site "Puerto Madryn ARG"]
[Date "2009.10.22"]
[Round "1"]
[White "Decuadro,S"]
[Black "Can,E"]
[Result "0-1"]
[WhiteElo "2034"]
[BlackElo "2455"]
[EventDate "2009.10.22"]

1. e4 c5 2. Nc3 Nc6 3. g3 g6 4. Bg2 Bg7 5. d3 d6 6. f4 e6 7. Nf3 Nge7 8.
O-O O-O 9. Be3 b6 10. d4 Ba6 11. Re1 Rc8 12. a4 Qc7 13. Nb5 Bxb5 14. axb5
cxd4 15. Nxd4 Nxd4 16. Bxd4 Bxd4+ 17. Qxd4 e5 18. Qd2 Qc5+ 19. Kh1 exf4 20.
Rxa7 f3 21. Bxf3 Rfe8 22. c4 Qxc4 23. Qxd6 Rcd8 24. Rd7 Nf5 25. Qc6 Qb3 26.
Bg4 Qb4 27. Rdd1 Nd4 28. Qxb6 Rd6 29. Qc7 Nxb5 30. Qb7 Rxd1 31. Rxd1 Rxe4
32. Bf3 Re1+ 33. Rxe1 Qxe1+ 34. Kg2 Qd2+ 35. Kh3 Nd6 36. Qd5 Qb4 37. b3 h5
38. Bg2 Qg4+ 0-1

[Event "WJun"]
[Site "Puerto Madryn ARG"]
[Date "2009.10.22"]
[Round "1"]
[White "Salinas Herrera,P"]
[Black "Swiercz,D"]
[Result "0-1"]
[WhiteElo "2129"]
[BlackElo "2492"]
[EventDate "2009.10.22"]

1. e4 c5 2. Nf3 d6 3. d4 cxd4 4. Nxd4 Nf6 5. Nc3 a6 6. Bg5 e6 7. f4 Qb6 8.
Qd2 Nc6 9. Bxf6 gxf6 10. Nb3 Bd7 11. O-O-O O-O-O 12. Be2 Rg8 13. Bh5 Rg7
14. Qe2 Kb8 15. Rd3 Rc8 16. Kb1 Na5 17. e5 fxe5 18. fxe5 d5 19. Rf1 Be8 20.
Nxa5 Qxa5 21. Qe3 Bc5 22. Qh6 Rxg2 23. Bxf7 Bxf7 24. Rxf7 d4 25. Nd1 Rxc2
26. Qxe6 Ba3 27. Qh6 Qc5 0-1

[Event "WJun"]
[Site "Puerto Madryn ARG"]
[Date "2009.10.22"]
[Round "1"]
[White "Dimuro,M"]
[Black "Leon Hoyos,M"]
[Result "1/2-1/2"]
[WhiteElo "2214"]
[BlackElo "2516"]
[EventDate "2009.10.22"]

1. e4 c5 2. Nf3 Nc6 3. d4 cxd4 4. Nxd4 g6 5. c4 Nf6 6. Nc3 d6 7. Be2 Nxd4
8. Qxd4 Bg7 9. Be3 O-O 10. Qd3 Be6 11. O-O Qa5 12. Bd4 Rfc8 13. b3 a6 14.
f4 b5 15. cxb5 axb5 16. Rac1 b4 17. Na4 Rab8 18. Qe3 Rxc1 19. Rxc1 Nd7 20.
Bxg7 Kxg7 21. h3 Nf6 22. Qd4 Kg8 23. Bf3 Qb5 24. Rc7 Kf8 25. e5 dxe5 26.
fxe5 Ne8 27. Rc1 Ng7 28. Nc5 Kg8 29. Be4 Qa5 30. Qf2 Bf5 31. Bxf5 gxf5 32.
e6 fxe6 33. Nxe6 Qb6 34. Nxg7 Qxf2+ 35. Kxf2 Kxg7 36. Rc5 Kf6 37. Kf3 h5
38. g3 e6 39. Rc7 Ke5 40. Ke3 Rg8 41. Kf3 Rd8 42. Ke3 Rg8 43. Kf3 Ra8 44.
Rb7 Rxa2 45. Rxb4 Rc2 46. Rc4 Rb2 47. b4 Rb3+ 48. Kf2 Kd5 49. Rh4 e5 50.
Rxh5 Ke4 51. Rh4+ f4 52. gxf4 exf4 53. Rh8 Rb2+ 54. Kg1 Rxb4 55. Ra8 Rb1+
56. Kf2 Rb2+ 57. Kf1 Rb3 58. Kf2 Rb2+ 59. Kf1 Rb1+ 60. Kf2 Rb2+ 1/2-1/2

[Event "WJun"]
[Site "Puerto Madryn ARG"]
[Date "2009.10.22"]
[Round "1"]
[White "Hugaert,A"]
[Black "Gundavaa,B"]
[Result "0-1"]
[WhiteElo "2066"]
[BlackElo "2477"]
[EventDate "2009.10.22"]

1. e4 c5 2. Nc3 d6 3. f4 a6 4. Nf3 Nc6 5. a4 g6 6. Bc4 Bg7 7. O-O Nf6 8. d3
O-O 9. Qe1 e6 10. Bb3 d5 11. e5 Nd7 12. Bd2 Rb8 13. Ne2 b5 14. axb5 axb5
15. c3 c4 16. Bc2 cxd3 17. Bxd3 Nc5 18. Bc2 Bd7 19. Ned4 Qc7 20. b4 Nxd4
21. cxd4 Na4 22. Bb3 Nb6 23. Qe2 Ra8 24. Qd3 Rfc8 25. g4 Ra7 26. g5 Rca8
27. Rab1 Nc4 28. Bc3 Bf8 29. Rfc1 Qd8 30. h4 Be7 31. Ne1 Qf8 32. Nc2 Rc8
33. Be1 Rac7 34. Ba2 Nb6 35. Bb3 Na4 36. Ba2 Nc3 37. Rb2 h6 38. Kf1 Ne4 39.
Rd1 Qg7 40. Ne3 hxg5 41. hxg5 Qh7 42. Kg1 Rc3 43. Qe2 Qh3 44. Nf1 Rf3 45.
Bd2 Kg7 46. Nh2 Rg3+ 47. Kh1 Rh8 48. Bc1 Rg4 49. Qd3 Qxh2+ 50. Rxh2 Nf2+
0-1

[Event "WJun"]
[Site "Puerto Madryn ARG"]
[Date "2009.10.22"]
[Round "1"]
[White "Ondrus,M"]
[Black "Olszewski,Mi"]
[Result "0-1"]
[WhiteElo "2304"]
[BlackElo "2544"]
[EventDate "2009.10.22"]

1. e4 c5 2. Nf3 d6 3. d4 cxd4 4. Nxd4 Nf6 5. Nc3 a6 6. Be3 e5 7. Nb3 Be7 8.
f3 Be6 9. Qd2 O-O 10. O-O-O Qc7 11. g4 Rc8 12. g5 Nh5 13. Kb1 Nd7 14. Nd5
Bxd5 15. exd5 a5 16. c4 a4 17. Nc1 Nf4 18. h4 Nb6 19. Bxf4 exf4 20. Qxf4
Bf8 21. h5 g6 22. h6 Ra5 23. Qd2 Rc5 24. b3 axb3 25. axb3 Ra8 26. Qd4 Rca5
27. Bd3 Nd7 28. Rhe1 Nc5 29. Re2 Ra3 30. Rb2 b5 31. Kc2 bxc4 32. Bxc4 Qd7
33. Nd3 Nxd3 34. Rxd3 Qf5 35. f4 Re8 36. Qf6 Qg4 37. Kc3 Re4 38. Rd4 Re3+
39. Rd3 Re1 40. Rc2 Qg1 41. Qd4 Qh1 42. Re3 Rd1 43. Qf6 Re1 44. Qd4 Rxe3+
45. Qxe3 Qa1+ 46. Kd2 Ra7 47. Qc3 Qh1 48. Qg3 f6 49. Kd3 Qd1+ 50. Rd2 Qb1+
51. Kc3 Qc1+ 52. Kd3 Rf7 53. Qe3 Re7 54. Qd4 fxg5 55. fxg5 Re5 56. Qxe5
dxe5 57. d6+ Kh8 58. d7 Be7 59. Ke2 Bd8 60. Rd6 Qc2+ 61. Kf1 Qf5+ 62. Ke2
Qg4+ 63. Kd3 Qd1+ 0-1

[Event "WJun"]
[Site "Puerto Madryn ARG"]
[Date "2009.10.22"]
[Round "1"]
[White "Cuberli,E"]
[Black "Yu Yangyi"]
[Result "0-1"]
[WhiteElo "2161"]
[BlackElo "2509"]
[EventDate "2009.10.22"]

1. e4 c5 2. Nf3 Nc6 3. d4 cxd4 4. Nxd4 Nf6 5. Nc3 e6 6. Nxc6 bxc6 7. Bd3 d5
8. e5 Nd7 9. Bf4 Rb8 10. O-O Rxb2 11. Bc1 Rb8 12. f4 Ba6 13. Bxa6 Qb6+ 14.
Kh1 Qxa6 15. f5 exf5 16. Qf3 Bb4 17. Qxf5 O-O 18. Bd2 Nc5 19. Rab1 Qc8 20.
Qh5 Bxc3 21. Rxb8 Qxb8 22. Bxc3 Ne4 23. Ba1 Qb4 24. Qe2 h6 25. Qd3 Qb5 26.
g3 Rb8 27. Qf3 Ng5 28. Qf2 Rb7 29. Kg2 Qc4 30. h4 Ne4 31. Qf5 Qxc2+ 32. Kh3
Qe2 33. e6 f6 34. Bd4 Qd3 35. Bf2 Qxf1+ 0-1

[Event "WJun"]
[Site "Puerto Madryn ARG"]
[Date "2009.10.22"]
[Round "1"]
[White "Margvelashvili,G"]
[Black "Gomez,Gu"]
[Result "1-0"]
[WhiteElo "2509"]
[BlackElo "2176"]
[EventDate "2009.10.22"]

1. Nf3 Nf6 2. c4 g6 3. Nc3 Bg7 4. e4 d6 5. d4 O-O 6. h3 e5 7. d5 a5 8. Bg5
Na6 9. Nd2 Qe8 10. Be2 Nd7 11. g4 Ndc5 12. a3 a4 13. h4 f5 14. gxf5 gxf5
15. Qc2 fxe4 16. Ncxe4 Bf5 17. f3 Qd7 18. h5 h6 19. Be3 c6 20. dxc6 bxc6
21. Bxc5 Nxc5 22. Nxc5 dxc5 23. Ne4 Bxe4 24. Qxe4 Rf4 25. Rd1 Qe8 26. Qe3
Qf8 27. Rg1 Kh8 28. Rd7 Rf7 29. Rxf7 Qxf7 30. Qe4 Qf4 31. Bd3 Qxe4+ 32.
Bxe4 Rb8 33. Rg2 Bf6 34. Kd1 Rb6 35. Rg6 Bg5 36. Kc2 Be3 37. Rxc6 Rb8 38.
Rc7 Kg8 39. Bh7+ Kf8 40. Kd3 Rxb2 41. Kxe3 Ke8 42. Ra7 Kd8 43. Ra5 1-0

[Event "WJun"]
[Site "Puerto Madryn ARG"]
[Date "2009.10.22"]
[Round "1"]
[White "Jumabayev,R"]
[Black "Houriez,C"]
[Result "1-0"]
[WhiteElo "2548"]
[BlackElo "2304"]
[EventDate "2009.10.22"]

1. d4 Nf6 2. Nf3 e6 3. c4 b6 4. g3 Bb7 5. Bg2 Be7 6. O-O O-O 7. Re1 d5 8.
cxd5 exd5 9. Nc3 Nbd7 10. Bf4 c5 11. Rc1 Ne4 12. Ne5 Nxe5 13. Bxe5 Nxc3 14.
Rxc3 c4 15. Rxc4 dxc4 16. Bxb7 Bb4 17. Rf1 a5 18. Bxa8 Qxa8 19. d5 Bc5 20.
Qd2 b5 21. Rd1 Qa7 22. Bd4 Bxd4 23. Qxd4 Qxd4 24. Rxd4 Rc8 25. d6 Kf8 26.
Kf1 b4 27. Ke1 f6 28. Rd5 Rd8 29. Rxa5 Rxd6 30. Rc5 c3 31. bxc3 bxc3 32.
Rxc3 Ra6 33. a3 g5 34. Kd2 Kf7 35. Kc2 g4 36. Kb3 Rb6+ 37. Ka2 Kg6 38. a4
Re6 39. Re3 Rd6 40. a5 Rd2+ 41. Kb3 Rd1 42. Kb4 1-0

[Event "WJun"]
[Site "Puerto Madryn ARG"]
[Date "2009.10.22"]
[Round "1"]
[White "Schiendorfer,E"]
[Black "Popov,Iv RUS"]
[Result "0-1"]
[WhiteElo "2311"]
[BlackElo "2582"]
[EventDate "2009.10.22"]

1. d4 g6 2. c4 Bg7 3. e4 d6 4. Nf3 Bg4 5. Be2 Nc6 6. Be3 e5 7. d5 Bxf3 8.
Bxf3 Nd4 9. Nc3 c5 10. Qa4+ Qd7 11. Bd1 Nf6 12. O-O O-O 13. Qxd7 Nxd7 14.
Nb5 Nxb5 15. cxb5 f5 16. f3 h5 17. Bc2 Kh7 18. Bg5 Rae8 19. g4 fxg4 20.
fxg4 Bh6 21. Bxh6 Kxh6 22. gxh5 Kxh5 23. Kg2 Rf4 24. Rf3 Rxf3 25. Kxf3 Rf8+
26. Kg3 Kh6 27. Re1 a6 28. bxa6 bxa6 29. Bd3 Rb8 30. Re2 a5 31. Rf2 Kg7 32.
Kf3 Nf6 33. Rg2 Nh5 34. Ke3 Nf4 35. Rc2 Kf6 36. Bf1 g5 37. b3 g4 38. Rc4
Rb4 39. Rc2 Rd4 40. Rd2 Kg5 41. Bb5 Rxd2 42. Kxd2 Ng2 43. Bf1 Nh4 44. Ke3
Nf3 45. h3 Nh2 46. Bg2 Kh4 47. hxg4 Kg3 48. Bh1 Nxg4+ 49. Ke2 Nf2 50. Bf3
Nd3 51. Ke3 Nb4 52. Be2 Nxa2 53. Bd3 Nb4 54. Bb1 Kg4 55. Kd2 Kf3 56. Kc3
Ke3 57. Kc4 Kd2 58. Kb5 Kc1 0-1

[Event "WJun"]
[Site "Puerto Madryn ARG"]
[Date "2009.10.22"]
[Round "1"]
[White "Grigoryan,Av"]
[Black "Catelli,H"]
[Result "1-0"]
[WhiteElo "2515"]
[BlackElo "2200"]
[EventDate "2009.10.22"]

1. d4 Nf6 2. c4 g6 3. Nc3 Bg7 4. e4 d6 5. Nf3 O-O 6. h3 e5 7. d5 a5 8. g4
Na6 9. Be3 Nc5 10. Nd2 c6 11. Be2 a4 12. b4 axb3 13. axb3 Bd7 14. Rxa8 Qxa8
15. b4 Na6 16. Qb3 c5 17. bxc5 Nxc5 18. Qb2 Qa6 19. O-O Ra8 20. Rb1 Bc8 21.
Nb3 b6 22. Nd2 h5 23. Qxb6 hxg4 24. Bxc5 dxc5 25. Qxa6 Bxa6 26. hxg4 Nd7
27. g5 Rb8 28. Ra1 Bc8 29. Bg4 Nb6 30. Bxc8 Nxc8 31. Nb5 Bf8 32. Ra6 Rb6
33. Ra8 Nd6 34. Nxd6 Rxd6 35. Nf3 1-0

[Event "WJun"]
[Site "Puerto Madryn ARG"]
[Date "2009.10.22"]
[Round "1"]
[White "Lenderman,A"]
[Black "Maenhout,T"]
[Result "1/2-1/2"]
[WhiteElo "2542"]
[BlackElo "2303"]
[EventDate "2009.10.22"]

1. d4 Nf6 2. c4 c5 3. d5 b5 4. cxb5 a6 5. b6 e6 6. Nc3 Nxd5 7. Nxd5 exd5 8.
Qxd5 Nc6 9. Nf3 Rb8 10. Ne5 Qf6 11. Nxc6 dxc6 12. Qf3 Be7 13. Bd2 Qxf3 14.
exf3 Bf6 15. O-O-O Rxb6 16. b3 Bd4 17. Be3 Bxe3+ 18. fxe3 Be6 19. Rd2 Ke7
20. Rc2 a5 21. Bc4 a4 22. Bxe6 fxe6 23. bxa4 Ra8 24. Rxc5 Rxa4 25. Rc2 c5
26. Rd1 Ra3 27. e4 Rb5 28. Rdd2 Ra4 29. Rd3 g5 30. Rb3 Rxb3 31. axb3 Ra5
32. Rc4 Kd6 33. Ra4 Rb5 34. Kc2 h5 35. Kc3 h4 36. Kc4 Rb6 37. g3 hxg3 38.
hxg3 e5 39. Ra8 Rb4+ 40. Kc3 g4 41. Rd8+ Ke6 42. Re8+ Kd6 43. fxg4 Rxe4 44.
Rg8 Re3+ 45. Kc4 Rxg3 46. Rg6+ Kd7 47. Kxc5 Rxb3 48. Kd5 Rb5+ 49. Ke4 Ke7
50. Kf5 Kf7 51. Ra6 e4+ 52. Kxe4 Kg7 53. Kf4 Rc5 54. Kg3 Rb5 55. Kh4 Rc5
56. Ra7+ Kg6 57. Ra8 Kg7 58. Re8 Ra5 59. Re6 Rb5 60. g5 Rb1 1/2-1/2

[Event "WJun"]
[Site "Puerto Madryn ARG"]
[Date "2009.10.22"]
[Round "1"]
[White "Ashwin,J"]
[Black "Crespo,E"]
[Result "1-0"]
[WhiteElo "2451"]
[BlackElo "2019"]
[EventDate "2009.10.22"]

1. e4 e6 2. d4 d5 3. Nd2 dxe4 4. Nxe4 Nd7 5. Nf3 Ngf6 6. Nxf6+ Nxf6 7. c3
c5 8. Ne5 a6 9. Be3 Qc7 10. Qa4+ Nd7 11. Bb5 cxd4 12. Bxd7+ Bxd7 13. Nxd7
Qxd7 14. Qxd7+ Kxd7 15. Bxd4 f6 16. O-O-O Kc6 17. Be3 e5 18. a4 Bd6 19. a5
Bc7 20. b4 Rad8 21. Kc2 f5 22. f3 Rhe8 23. h3 e4 24. Rxd8 Bxd8 25. fxe4
Rxe4 26. Kd3 Kd5 27. Bd4 g6 28. Rb1 Bc7 29. b5 axb5 30. Rxb5+ Kc6 31. Rc5+
Kd7 32. g4 Rf4 33. Rxc7+ 1-0

[Event "WJun"]
[Site "Puerto Madryn ARG"]
[Date "2009.10.22"]
[Round "1"]
[White "Lehtimaki,T"]
[Black "Potapov,P"]
[Result "1/2-1/2"]
[WhiteElo "2000"]
[BlackElo "2429"]
[EventDate "2009.10.22"]

1. e4 c5 2. d4 cxd4 3. c3 Nf6 4. e5 Nd5 5. Nf3 Nc6 6. cxd4 g6 7. Bc4 Nb6 8.
Bb3 Bg7 9. Bf4 O-O 10. O-O d6 11. exd6 Bg4 12. h3 Bxf3 13. Qxf3 Nxd4 14.
Qxb7 Ne2+ 15. Kh1 exd6 16. Be3 Bxb2 17. Nd2 Bxa1 18. Rxa1 Nf4 19. Ne4 Ne6
20. Bh6 Re8 21. Rd1 Qh4 22. Bxe6 Rxe6 23. Ng5 Rf6 24. Rxd6 Qxh6 25. Rxf6
Qxg5 26. Rxb6 Qc1+ 27. Kh2 Qf4+ 28. Kg1 Rd8 29. Rb1 a5 30. a3 Qf5 31. Rc1
h5 32. Qc7 Rd3 33. Qb8+ Kh7 34. Qb2 Qd7 35. Re1 a4 36. Qb4 Rd1 37. Rxd1
Qxd1+ 38. Kh2 Kg7 39. Qc3+ Kf8 40. Qb4+ 1/2-1/2

[Event "WJun"]
[Site "Puerto Madryn ARG"]
[Date "2009.10.22"]
[Round "1"]
[White "Perez Ponsa,F"]
[Black "Guo Yuthok,S"]
[Result "1-0"]
[WhiteElo "2422"]
[BlackElo "1966"]
[EventDate "2009.10.22"]

1. e4 b6 2. d4 Bb7 3. Bd3 e6 4. Qe2 Be7 5. Nf3 Nf6 6. e5 Nd5 7. a3 c5 8. c4
Nc7 9. dxc5 bxc5 10. Nc3 Nc6 11. Ne4 d5 12. exd6 Bxd6 13. Be3 Na6 14. Nxd6+
Qxd6 15. Rd1 O-O-O 16. O-O Qc7 17. Bg5 Rd4 18. Nxd4 Nxd4 19. Qe3 f6 20. Bf4
e5 21. Bg3 h5 22. h4 Re8 23. Rfe1 Qf7 24. b4 g5 25. bxc5 gxh4 26. Qxd4 hxg3
27. Qd6 gxf2+ 28. Kxf2 f5 29. Rxe5 Be4 1-0

[Event "WJun"]
[Site "Puerto Madryn ARG"]
[Date "2009.10.22"]
[Round "1"]
[White "Gallego Alcaraz,A"]
[Black "Morales,Ra"]
[Result "1-0"]
[WhiteElo "2404"]
[BlackElo "1941"]
[EventDate "2009.10.22"]

1. e4 e5 2. Nf3 d6 3. d4 Nf6 4. Nc3 Nbd7 5. Bc4 h6 6. O-O Be7 7. Qe2 O-O 8.
Rd1 exd4 9. Rxd4 c6 10. a4 Qa5 11. Bd2 Qc7 12. Rf1 Re8 13. Ba2 d5 14. exd5
Bc5 15. d6 Qb6 16. Re4 Nxe4 17. Nxe4 Qa6 18. Bc4 Qxa4 19. b3 Qa3 20. Bxf7+
Kxf7 21. Neg5+ hxg5 22. Nxg5+ Kf8 23. Qh5 1-0

[Event "WJun"]
[Site "Puerto Madryn ARG"]
[Date "2009.10.22"]
[Round "1"]
[White "Iturrizaga,E"]
[Black "Lovik,L"]
[Result "1-0"]
[WhiteElo "2605"]
[BlackElo "2320"]
[EventDate "2009.10.22"]

1. d4 d5 2. c4 c6 3. Nf3 Nf6 4. e3 e6 5. b3 Bb4+ 6. Nbd2 O-O 7. Bd3 Ne4 8.
Qc2 f5 9. O-O Nd7 10. a3 Bd6 11. Bb2 Qf6 12. b4 g5 13. g3 Qh6 14. Ne5 g4
15. c5 Be7 16. Nxe4 Nxe5 17. Nf6+ Qxf6 18. dxe5 Qg7 19. Rad1 Bd7 20. Kg2 h5
21. Rh1 h4 22. Kf1 Be8 23. Ke2 Bg6 24. Bd4 Kf7 25. Rb1 a6 26. a4 Rh8 27.
Rhg1 Rhc8 28. Rgc1 Kg8 29. Rb3 Rc7 30. b5 axb5 31. axb5 cxb5 32. Rxb5 Be8
33. Rbb1 Rac8 34. Rb6 Bxc5 35. Rxe6 Qf7 36. Rf6 Bxd4 37. Rxf7 Rxc2+ 38.
Rxc2 Rxc2+ 39. Bxc2 Bb5+ 40. Kd2 Kxf7 41. exd4 hxg3 42. hxg3 Bd7 43. Bb3
Ke6 44. Kc3 Bb5 45. Kb4 Bd3 46. Kc5 Be4 47. Kb6 Bd3 48. Kxb7 Bb1 49. Kc6
Be4 50. Ba2 Bf3 51. Bb1 Bg2 52. Bd3 Bf3 53. Kc5 Bg2 54. Ba6 Be4 55. Bb7 1-0

[Event "WJun"]
[Site "Puerto Madryn ARG"]
[Date "2009.10.23"]
[Round "2"]
[White "Howell,D"]
[Black "Yilmaz,M"]
[Result "1-0"]
[WhiteElo "2624"]
[BlackElo "2475"]
[EventDate "2009.10.22"]

1. e4 c5 2. Nf3 d6 3. d4 cxd4 4. Nxd4 Nf6 5. Nc3 a6 6. Qf3 g6 7. h3 Bg7 8.
Be3 Nc6 9. O-O-O Bd7 10. g4 Rc8 11. Nxc6 Rxc6 12. Nd5 Qa5 13. Bd4 Nxd5 14.
exd5 Bxd4 15. Rxd4 Rc7 16. Kb1 O-O 17. Qe3 Rfc8 18. Bd3 Bb5 19. Be4 Rc4 20.
h4 Rxd4 21. Qxd4 Bc4 22. b3 Bb5 23. c4 Bxc4 24. Rc1 e5 25. Qe3 Bd3+ 26.
Bxd3 Rxc1+ 27. Qxc1 Qxd5 28. Bc2 Qg2 29. Qd1 Qxf2 30. Qxd6 Qxh4 31. Qb8+
Kg7 32. Qxe5+ Qf6 33. Qe2 Qd4 34. a4 h6 35. Bd3 Kf6 36. Qf3+ Kg5 37. Bc2
Qg1+ 38. Ka2 Qc5 39. Kb1 Qg1+ 40. Bd1 b5 41. Qd5+ Kh4 42. a5 Qe1 43. Qd8+
Kh3 44. Kc2 Qe5 45. Qd2 Qe7 46. Qxh6+ Kg3 47. Qd2 f5 48. gxf5 gxf5 49. Qd3+
Kf4 50. Qd2+ Kg3 51. Qd3+ Kf4 52. Qd4+ Kg3 53. Kd2 Qf7 54. Qg1+ Kh4 55.
Qh2+ Kg5 56. Qg3+ Kf6 57. Qd6+ Kg5 58. Qg3+ Kf6 59. Qd6+ Kg5 60. Ke3 Qa7+
61. Qd4 Qc7 62. Kf3 Qb7+ 63. Kg3 Qc7+ 64. Kf3 Qb7+ 65. Kf2 Qh7 66. Qd8+ Kg6
67. Qd6+ Kg5 68. Qd8+ Kf4 69. Qd6+ Kg5 70. Kg2 Qf7 71. Qd8+ Kg6 72. Qd6+
Kg5 73. Kg3 Qg7 74. Qd8+ Kg6 75. Qb6+ 1-0

[Event "WJun"]
[Site "Puerto Madryn ARG"]
[Date "2009.10.23"]
[Round "2"]
[White "Popov,Iv RUS"]
[Black "Cori,J"]
[Result "0-1"]
[WhiteElo "2582"]
[BlackElo "2445"]
[EventDate "2009.10.22"]

1. e4 e6 2. d3 d5 3. Nd2 Nf6 4. Ngf3 c5 5. g3 Nc6 6. Bg2 Be7 7. O-O b6 8.
Re1 Bb7 9. Qe2 Qc7 10. Nf1 d4 11. c4 a6 12. b3 Nd7 13. Bd2 h6 14. a3 g5 15.
h3 O-O-O 16. Rab1 a5 17. Rb2 f6 18. Reb1 h5 19. Ne1 Ndb8 20. Nc2 Na6 21. b4
cxb4 22. axb4 Ncxb4 23. Na3 Bc5 24. Nb5 Qe7 25. Nh2 h4 26. Nf3 hxg3 27.
fxg3 e5 28. h4 Rdg8 29. h5 Rxh5 30. Nxe5 g4 31. Nxg4 Nxd3 32. Qxd3 Rxg4 33.
Bf4 Nb4 34. Rxb4 axb4 35. Ra1 f5 36. Re1 Rxf4 37. gxf4 Qh4 38. Kf1 Qxf4+
39. Qf3 Rh4 0-1

[Event "WJun"]
[Site "Puerto Madryn ARG"]
[Date "2009.10.23"]
[Round "2"]
[White "Maldonado,Fed"]
[Black "Alvarez Ramirez,M"]
[Result "1-0"]
[WhiteElo "2003"]
[BlackElo "2259"]
[EventDate "2009.10.22"]

1. d4 d5 2. c4 c6 3. Nf3 Nf6 4. Nc3 e6 5. Bg5 h6 6. Bxf6 Qxf6 7. e3 Nd7 8.
Bd3 dxc4 9. Bxc4 g6 10. O-O Bg7 11. e4 O-O 12. e5 Qe7 13. Qe2 b5 14. Bd3
Bb7 15. Be4 Rab8 16. Rac1 Rfc8 17. Rfd1 b4 18. Na4 c5 19. Bxb7 Rxb7 20. Rc4
Rbc7 21. dxc5 a5 22. Rxd7 Qxd7 23. Nb6 Qb5 24. Nxc8 Rxc8 25. Qc2 Qb8 26.
Qe4 Rd8 27. h4 Rd5 28. c6 Qc7 29. Qe3 Kh7 30. Rc1 Rd8 31. Qe4 Kg8 32. b3
Rd5 33. Qc4 Bxe5 34. Nxe5 Rxe5 35. Qa6 Kg7 36. Qb7 Qxb7 37. cxb7 Rb5 38.
Rc7 Kf6 39. Kf1 Ke5 40. Rxf7 Kd4 41. Rc7 Kd3 42. Re7 g5 43. hxg5 hxg5 44.
Rxe6 g4 45. Re7 Kd2 46. Rd7+ Kc2 47. f4 gxf3 48. g4 Kb2 49. g5 Kxa2 50. g6
1-0

[Event "WJun"]
[Site "Puerto Madryn ARG"]
[Date "2009.10.23"]
[Round "2"]
[White "Guo Yuthok,S"]
[Black "Aharon,O"]
[Result "0-1"]
[WhiteElo "1966"]
[BlackElo "2192"]
[EventDate "2009.10.22"]

1. e4 d6 2. Nc3 e5 3. d3 g6 4. f4 exf4 5. Bxf4 Bg7 6. Nf3 Nc6 7. Qd2 h6 8.
h4 Bg4 9. Be2 Nge7 10. Bg3 Qd7 11. Bf2 O-O-O 12. a4 Kb8 13. a5 d5 14. Ra3
f5 15. exd5 Nxd5 16. Na4 Bxf3 17. Bxf3 Rhe8+ 18. Kd1 Nd4 19. Nc5 Qe7 20.
Nxb7 Nxf3 21. Nxd8 Qxa3 22. Nc6+ Kb7 23. bxa3 Nxd2 24. Nd4 Nb1 25. c4 Ne3+
26. Kc1 Nxa3 27. Nb3 Nac2 28. Kd2 Kc6 29. a6 f4 30. Rb1 Nd4 31. Na5+ Kd7
32. Rb7 Nxg2 33. Kd1 Ne3+ 34. Kc1 Re5 35. Nb3 Nxb3+ 36. Rxb3 Ra5 0-1

[Event "WJun"]
[Site "Puerto Madryn ARG"]
[Date "2009.10.23"]
[Round "2"]
[White "Morales,Ra"]
[Black "Cuberli,E"]
[Result "1-0"]
[WhiteElo "1941"]
[BlackElo "2161"]
[EventDate "2009.10.22"]

1. d4 Nf6 2. c4 e6 3. Nf3 b6 4. g3 Ba6 5. b3 d5 6. Bg2 Nbd7 7. O-O Bd6 8.
Re1 O-O 9. Bb2 c5 10. cxd5 exd5 11. Nc3 Bb7 12. Nh4 cxd4 13. Qxd4 Be5 14.
Qd2 Nc5 15. f4 Nce4 16. Bxe4 Nxe4 17. Nxe4 Bxb2 18. Qxb2 dxe4 19. Nf5 f6
20. Rad1 Qc7 21. Qa3 Rad8 22. Qe7 Qxe7 23. Nxe7+ Kf7 24. Nf5 Bd5 25. g4 g6
26. Ng3 Bb7 27. Kf2 Rfe8 28. Ke3 a5 29. Rxd8 Rxd8 30. Rc1 Rd7 31. Rc4 h5
32. gxh5 gxh5 33. f5 h4 34. Nxe4 Ke7 35. Nc3 h3 36. Rh4 Kd6 37. Rd4+ Kc6
38. Rxd7 Kxd7 39. Kd4 Kd6 40. e4 Bc6 41. Nd5 Bxd5 42. exd5 b5 43. a3 1-0

[Event "WJun"]
[Site "Puerto Madryn ARG"]
[Date "2009.10.23"]
[Round "2"]
[White "Blit,J"]
[Black "Bindrich,F"]
[Result "1/2-1/2"]
[WhiteElo "2350"]
[BlackElo "2516"]
[EventDate "2009.10.22"]

1. e4 c6 2. d3 d5 3. Nd2 e5 4. Ngf3 Bd6 5. g3 Nf6 6. Bg2 O-O 7. O-O Re8 8.
Re1 Bg4 9. h3 Bh5 10. Nf1 Nbd7 11. g4 Bg6 12. Ng3 dxe4 13. dxe4 Bc5 14. Qe2
Nf8 15. Nf5 Qb6 16. c3 a5 17. a4 Rad8 18. Nd2 Ne6 19. Nc4 Qc7 20. Qf3 h5
21. g5 Nd7 22. Ng3 Nf4 23. Bf1 h4 24. Bxf4 exf4 25. Nf5 Bxf5 26. exf5 Nf8
27. g6 fxg6 28. fxg6 Rxe1 29. Rxe1 Rd5 1/2-1/2

[Event "WJun"]
[Site "Puerto Madryn ARG"]
[Date "2009.10.23"]
[Round "2"]
[White "Olszewski,Mi"]
[Black "Perez Ponsa,F"]
[Result "1-0"]
[WhiteElo "2544"]
[BlackElo "2422"]
[EventDate "2009.10.22"]

1. d4 Nf6 2. c4 g6 3. Nc3 Bg7 4. e4 d6 5. Bg5 O-O 6. h3 Na6 7. Bd3 e5 8. d5
Qe8 9. g4 Nd7 10. a3 Nac5 11. Bc2 a5 12. Nf3 Nb6 13. Nd2 f5 14. Qe2 Qf7 15.
f3 Bf6 16. Bh6 Bg7 17. Be3 Bd7 18. O-O-O fxe4 19. Bxe4 Nba4 20. Nxa4 Bxa4
21. Rdf1 Qe8 22. h4 Rf4 23. h5 g5 24. h6 Bf6 25. Bxc5 dxc5 26. Bf5 Rd4 27.
Ne4 Qe7 28. Re1 Bb3 29. Nd2 a4 30. Kb1 b5 31. cxb5 c4 32. Rc1 Rb8 33. Be6+
Kh8 34. Nxc4 e4 35. fxe4 Rxb5 36. e5 Rxc4 37. Rxc4 Qxa3 38. bxa3 Bxc4+ 39.
Kc1 1-0

[Event "WJun"]
[Site "Puerto Madryn ARG"]
[Date "2009.10.23"]
[Round "2"]
[White "Bomans,A"]
[Black "Margvelashvili,G"]
[Result "0-1"]
[WhiteElo "2085"]
[BlackElo "2509"]
[EventDate "2009.10.22"]

1. d4 Nf6 2. c4 e6 3. Nf3 c5 4. Nc3 cxd4 5. Nxd4 a6 6. e4 Qc7 7. Nc2 b6 8.
Bd3 Bb7 9. O-O d6 10. Bf4 Nbd7 11. Rc1 Be7 12. Bg3 O-O 13. Re1 Rac8 14. b4
Qb8 15. Ne3 Qa8 16. f4 g6 17. a3 Nh5 18. e5 dxe5 19. Bxg6 hxg6 20. Qxd7 Bf6
21. Ng4 exf4 22. Bxf4 Bg7 23. Bg5 Rxc4 24. Nh6+ Kh7 25. Nxf7 Rg4 26. g3 Bc8
27. Qc7 Nxg3 28. hxg3 Rxf7 29. Qd6 Rd7 0-1

[Event "WJun"]
[Site "Puerto Madryn ARG"]
[Date "2009.10.23"]
[Round "2"]
[White "Li Chao2"]
[Black "Ashwin,J"]
[Result "1-0"]
[WhiteElo "2617"]
[BlackElo "2451"]
[EventDate "2009.10.22"]

1. e4 c5 2. Nf3 d6 3. d4 cxd4 4. Nxd4 Nf6 5. Nc3 a6 6. h3 e6 7. g4 Be7 8.
Bg2 Nfd7 9. Be3 Nc6 10. Qe2 O-O 11. O-O-O Nxd4 12. Bxd4 Qc7 13. f4 Rb8 14.
g5 b5 15. Qd2 b4 16. Ne2 e5 17. Be3 exf4 18. Nxf4 Bxg5 19. h4 Bh6 20. Nd5
Bxe3 21. Qxe3 Qc5 22. Qg3 Nb6 23. h5 h6 24. e5 Kh8 25. Rhg1 dxe5 26. Be4
Rg8 27. Nf6 Be6 28. Nxg8 Rxg8 29. Rd8 Qxg1+ 30. Qxg1 Rxd8 31. Qxb6 Re8 32.
Qxa6 Bg4 33. Qb7 f5 34. Bxf5 Bxf5 35. Qf7 1-0

[Event "WJun"]
[Site "Puerto Madryn ARG"]
[Date "2009.10.23"]
[Round "2"]
[White "Garnelis,J"]
[Black "Lenderman,A"]
[Result "1/2-1/2"]
[WhiteElo "2228"]
[BlackElo "2542"]
[EventDate "2009.10.22"]

1. e4 c6 2. d4 d5 3. Nc3 dxe4 4. Nxe4 Bf5 5. Ng3 Bg6 6. h4 h6 7. Nf3 Nd7 8.
h5 Bh7 9. Bd3 Bxd3 10. Qxd3 e6 11. Bd2 Ngf6 12. O-O-O Be7 13. Kb1 Qc7 14.
Ne4 Rd8 15. Nxf6+ Nxf6 16. Ne5 O-O 17. Rh4 Nd7 18. Nxd7 Qxd7 19. Rg4 Kh8
20. Re4 c5 21. Bc3 Bf6 22. d5 Bxc3 23. Qxc3 exd5 24. Qxc5 Qf5 25. Re2 Qxh5
26. Red2 Qg6 27. g3 a6 28. Qb4 Rfe8 29. Qxb7 d4 30. Qf3 Rc8 31. Qd3 Re4 32.
Re2 Rxe2 33. Qxe2 Qf6 34. Rd3 1/2-1/2